|
|
|
|
| LEADER |
01079nam a2200289 a 4500 |
| 001 |
3383838 |
| 008 |
111115s1989 cau b 001 0 eng |
| 010 |
|
|
|a 88028246
|
| 020 |
|
|
|a 080393002X
|
| 020 |
|
|
|a 0803930038 (pbk.)
|
| 040 |
|
|
|a DLC
|c DLC
|d DLC
|d BD-DhAAL
|
| 050 |
0 |
0 |
|a HM24
|b .D438 1989
|
| 082 |
0 |
0 |
|a 301/.01/8
|2 19
|
| 100 |
1 |
|
|a Denzin, Norman K.
|
| 245 |
1 |
0 |
|a Interpretive interactionism /
|c Norman K. Denzin.
|
| 260 |
|
|
|a Newbury Park, Calif. :
|b Sage Publications,
|c c1989.
|
| 300 |
|
|
|a 160 p. ;
|c 23 cm.
|
| 490 |
0 |
|
|a Applied social research methods series ;
|v v. 16
|
| 504 |
|
|
|a Includes Bibliography: (p. 146-155) and indexes.
|
| 541 |
|
|
|e 00005743
|
| 650 |
|
0 |
|a Sociology
|x Methodology.
|
| 650 |
|
0 |
|a Social interaction.
|
| 650 |
|
0 |
|a Sociology
|x Biographical methods.
|
| 650 |
|
0 |
|a Symbolic interactionism.
|
| 852 |
1 |
|
|a Ayesha Abed Library
|c General shelf.
|
| 999 |
|
|
|c 11407
|d 11407
|
| 952 |
|
|
|0 0
|1 0
|2 ddc
|4 0
|6 301_018000000000000_DEN
|7 0
|9 18545
|a BRACUL
|b BRACUL
|c GEN
|d 2011-11-15
|g 0.00
|l 0
|o 301.018 DEN
|p 3010005743
|r 2011-11-15
|t 1
|w 2011-11-15
|y BK
|z Not price in Register
|